[Event "Florianopolis op 09"]
[Site "Florianopolis"]
[Date "2021.09.26"]
[Round "6"]
[White "Leffeck, Mateus Bernal"]
[Black "Silva, Guilherme Henrique"]
[Result "0-1"]
[WhiteElo "1766"]
[BlackElo "1913"]
[PlyCount "94"]
[EventDate "2021.09.24"]
[EventType "swiss"]
[EventRounds "6"]
[EventCountry "BRA"]
[SourceTitle "EXT 2024"]
[Source "ChessBase"]
[SourceDate "2023.10.10"]
[SourceVersion "1"]
[SourceVersionDate "2023.10.10"]
[SourceQuality "1"]

1. e4 c5 2. Nf3 e6 3. d4 cxd4 4. Nxd4 a6 5. Nc3 Qc7 6. Be3 Bb4 7. Nde2 Nf6 8. a3 Be7 9. f3 0-0 10. Qd2 Rd8 11. 0-0-0 d5 12. e5 Nfd7 13. f4 b5 14. g4 Nc6 15. h4 Nb6 16. Bxb6 Qxb6 17. Nd4 Nxd4 18. Qxd4 Bc5 19. Qd3 Be3+ 20. Kb1 Bxf4 21. Ne4 Qe3 22. Ng5 Qxd3 23. Bxd3 h6 24. Nf3 Bb7 25. Rhe1 Kf8 26. h5 Ke7 27. Nd4 Rg8 28. Re2 g5 29. b4 Rgf8 30. Rde1 Bc8 31. Kb2 f6 32. exf6+ Rxf6 33. Nxe6 Kd6 34. Bf5 Bg3 35. Rg1 Be5+ 36. Rxe5 Kxe5 37. Re1+ Kd6 38. Nd4 Bd7 39. Bxd7 Kxd7 40. Nf5 Re8 41. Rxe8 Kxe8 42. Kc3 Rxf5 43. gxf5 Ke7 44. Kd4 Kf6 45. Kxd5 Kxf5 46. Kd4 Kf4 47. Kd3 Kf3 0-1

[Event "Florianopolis op 09"]
[Site "Florianopolis"]
[Date "2021.09.25"]
[Round "4"]
[White "Leffeck, Mateus Bernal"]
[Black "Campos, Anna Carolina"]
[Result "1-0"]
[WhiteElo "1766"]
[BlackElo "1624"]
[PlyCount "101"]
[EventDate "2021.09.24"]
[EventType "swiss"]
[EventRounds "6"]
[EventCountry "BRA"]
[SourceTitle "EXT 2024"]
[Source "ChessBase"]
[SourceDate "2023.10.10"]
[SourceVersion "1"]
[SourceVersionDate "2023.10.10"]
[SourceQuality "1"]

1. d4 Nf6 2. c4 c5 3. d5 d6 4. Nc3 e6 5. e4 exd5 6. cxd5 g6 7. f4 Bg4 8. Qb3 Qe7 9. h3 Nxe4 10. Qa4+ Bd7 11. Qxe4 Qxe4+ 12. Nxe4 Be7 13. Nf3 0-0 14. Kf2 f5 15. Neg5 Bf6 16. a4 Re8 17. Bc4 Na6 18. Bxa6 bxa6 19. h4 h6 20. Nh3 Rab8 21. Ra2 Re4 22. a5 Rb3 23. g3 Bb5 24. Re1 Bd4+ 25. Nxd4 cxd4 26. Rxe4 fxe4 27. Ra3 e3+ 28. Ke1 Rb4 29. Ng1 Rc4 30. Kd1 Bd7 31. Bxe3 dxe3 32. Rxe3 Rd4+ 33. Kc2 Kf7 34. Kc3 Rxd5 35. b4 Bg4 36. Ne2 Bxe2 37. Rxe2 h5 38. Re3 Rd1 39. Kc2 Rd4 40. Kb3 d5 41. Rc3 Kf6 42. Rc6+ Kf5 43. Rxa6 Rd3+ 44. Kc2 Rxg3 45. Rxa7 d4 46. b5 Ke4 47. Re7+ Kd5 48. b6 Rg2+ 49. Kd3 Rg3+ 50. Kd2 Rb3 51. b7 1-0

[Event "BRA-ch U18"]
[Site "Florianopolis"]
[Date "2021.07.04"]
[Round "6"]
[White "Decezare, Jucian Kaue"]
[Black "Leffeck, Mateus Bernal"]
[Result "0-1"]
[WhiteElo "1601"]
[BlackElo "1736"]
[PlyCount "56"]
[EventDate "2021.07.01"]
[EventType "swiss"]
[EventRounds "6"]
[EventCountry "BRA"]
[SourceTitle "CBM 203 Extra"]
[Source "ChessBase"]
[SourceDate "2021.09.30"]
[SourceVersion "1"]
[SourceVersionDate "2021.09.30"]
[SourceQuality "1"]

1. e4 c6 2. d4 d5 3. exd5 cxd5 4. Bd3 Nc6 5. c3 Nf6 6. Bf4 Bg4 7. Qb3 Qd7 8. Nd2 a6 9. Ngf3 Bxf3 10. Nxf3 e6 11. 0-0 Be7 12. Rfe1 0-0 13. Qc2 h6 14. Rad1 Bd6 15. Ne5 Qc7 16. Qd2 Ng4 17. Nxg4 Bxf4 18. Qe2 b5 19. g3 Bg5 20. h4 Be7 21. a4 bxa4 22. Ra1 a3 23. bxa3 Na5 24. Bxa6 Nb3 25. Ra2 Qxc3 26. Rc2 Qa5 27. Bd3 Nxd4 28. Qe3 Qxe1+ 0-1

[Event "BRA-ch U18"]
[Site "Florianopolis"]
[Date "2021.07.03"]
[Round "4"]
[White "Freitas, Ronan Cunha"]
[Black "Leffeck, Mateus Bernal"]
[Result "1-0"]
[WhiteElo "1871"]
[BlackElo "1736"]
[PlyCount "55"]
[EventDate "2021.07.01"]
[EventType "swiss"]
[EventRounds "6"]
[EventCountry "BRA"]
[SourceTitle "CBM 203 Extra"]
[Source "ChessBase"]
[SourceDate "2021.09.30"]
[SourceVersion "1"]
[SourceVersionDate "2021.09.30"]
[SourceQuality "1"]

1. d4 d5 2. c4 c6 3. Nf3 dxc4 4. e3 b5 5. a4 Nf6 6. b3 cxb3 7. axb5 Bd7 8. Qxb3 Qb6 9. Nbd2 e6 10. Nc4 Qb7 11. Ba3 cxb5 12. Bxf8 Kxf8 13. Nce5 Qd5 14. Qa3+ b4 15. Qxb4+ Kg8 16. Rxa7 Na6 17. Rxa8+ Qxa8 18. Qa5 Qc8 19. Be2 Nb8 20. Nxf7 Nc6 21. Qa3 Qb8 22. Nxh8 Qb1+ 23. Bd1 Kxh8 24. 0-0 h6 25. Ne5 Nxe5 26. dxe5 Nd5 27. Qf8+ Kh7 28. Bh5 1-0

[Event "BRA-ch U18"]
[Site "Florianopolis"]
[Date "2021.07.02"]
[Round "3"]
[White "Leffeck, Mateus Bernal"]
[Black "Soares, Gustavo Henrique"]
[Result "0-1"]
[WhiteElo "1736"]
[BlackElo "1880"]
[PlyCount "68"]
[EventDate "2021.07.01"]
[EventType "swiss"]
[EventRounds "6"]
[EventCountry "BRA"]
[SourceTitle "CBM 203 Extra"]
[Source "ChessBase"]
[SourceDate "2021.09.30"]
[SourceVersion "1"]
[SourceVersionDate "2021.09.30"]
[SourceQuality "1"]

1. Nf3 Nf6 2. c4 b6 3. d4 Bb7 4. Nc3 d5 5. e3 e6 6. Be2 dxc4 7. Qa4+ Nbd7 8. 0-0 a6 9. Qxc4 b5 10. Qb3 Bd6 11. Bd2 0-0 12. Qc2 e5 13. dxe5 Nxe5 14. e4 b4 15. Nd5 Nxd5 16. exd5 Bxd5 17. Nxe5 Bxe5 18. Bxb4 Qh4 19. f4 Bxf4 20. Rxf4 Qxf4 21. Bxf8 Qe3+ 22. Kf1 Rxf8 23. Bxa6 Qh6 24. Bc4 Qf4+ 25. Kg1 Qd4+ 26. Kh1 Qxc4 27. Qxc4 Bxc4 28. a4 Rb8 29. a5 Rxb2 30. Rd1 g6 31. g3 Ra2 32. Kg1 Rxa5 33. Rc1 Ra4 34. Kf2 c6 0-1

[Event "Florianopolis op 7th"]
[Site "Florianopolis"]
[Date "2021.01.22"]
[Round "7"]
[White "Cristino, Felipe Borges"]
[Black "Leffeck, Mateus Bernal"]
[Result "0-1"]
[WhiteElo "1929"]
[BlackElo "1642"]
[PlyCount "94"]
[EventDate "2021.01.18"]
[EventType "swiss"]
[EventRounds "10"]
[EventCountry "BRA"]
[SourceTitle "CBM 200 Extra"]
[Source "ChessBase"]
[SourceDate "2021.03.31"]
[SourceVersion "1"]
[SourceVersionDate "2021.03.31"]
[SourceQuality "1"]

1. d4 f5 2. Nf3 Nf6 3. c4 g6 4. Nc3 Bg7 5. e3 d6 6. d5 e5 7. dxe6 0-0 8. Qb3 c6 9. c5 d5 10. Nd4 Re8 11. Be2 Qa5 12. Bd2 Qxc5 13. Na4 Qd6 14. Bb4 Qc7 15. e7 Ne4 16. Rc1 Bxd4 17. exd4 Qf4 18. 0-0 Nd2 19. Bxd2 Qxd2 20. Qa3 Qxe2 21. Nb6 Qxe7 22. Qxe7 Rxe7 23. Nxa8 Kf7 24. Rfe1 Na6 25. Rxe7+ Kxe7 26. Rc3 Kf6 27. f4 h5 28. a3 Bd7 29. b4 b5 30. a4 bxa4 31. Ra3 c5 32. dxc5 Bc6 33. Kf2 Ke7 34. Ke2 Kd7 35. Ke3 Nxb4 36. Kd2 Na6 37. Nb6+ axb6 38. cxb6 Nc5 39. Kc3 Ne4+ 40. Kd4 Kc8 41. Ra1 Kb7 42. Rb1 Nd2 43. Rb2 Nc4 44. Rb1 a3 45. Kc5 Nd2 46. Rd1 a2 47. Kb4 Nb1 0-1

[Event "Florianopolis op 7th"]
[Site "Florianopolis"]
[Date "2021.01.19"]
[Round "2"]
[White "Leffeck, Mateus Bernal"]
[Black "Andrade, Guilherme A de Sou"]
[Result "0-1"]
[WhiteElo "1642"]
[BlackElo "1899"]
[PlyCount "108"]
[EventDate "2021.01.18"]
[EventType "swiss"]
[EventRounds "10"]
[EventCountry "BRA"]
[SourceTitle "CBM 200 Extra"]
[Source "ChessBase"]
[SourceDate "2021.03.31"]
[SourceVersion "1"]
[SourceVersionDate "2021.03.31"]
[SourceQuality "1"]

1. d4 Nf6 2. Bf4 d5 3. Nf3 c5 4. e3 Nc6 5. c3 Qb6 6. b3 cxd4 7. exd4 Bf5 8. Bd3 Bxd3 9. Qxd3 e6 10. Nbd2 Be7 11. h3 Rc8 12. 0-0 0-0 13. Ne5 Qd8 14. Ndf3 Nxe5 15. Nxe5 Qa5 16. c4 dxc4 17. bxc4 Rfd8 18. Rfd1 Ba3 19. Rab1 Qa6 20. c5 Qa4 21. Qc4 Qa5 22. Bd2 Qc7 23. Qc3 Bxc5 24. Qxc5 Qb8 25. Qb4 b6 26. Rbc1 Qb7 27. Qb2 Qe4 28. Bg5 h6 29. Bxf6 gxf6 30. Nf3 Rxc1 31. Qxc1 Kg7 32. Qe3 Qc2 33. Qd2 Qe4 34. Qd3 Qf4 35. Qe3 Qf5 36. Re1 Rg8 37. Qe4 Qa5 38. Re3 Qxa2 39. Ne5 fxe5 40. Rg3+ Kh8 41. Qxe5+ Kh7 42. Rf3 Qb1+ 43. Kh2 Qg6 44. g3 Rg7 45. Rf6 Qg5 46. Qe4+ Kh8 47. Qa8+ Rg8 48. Qf3 Rg7 49. h4 Qd5 50. Rxh6+ Kg8 51. Qc3 Qd7 52. Qc4 Qd8 53. Rh5 Rh7 54. Rg5+ Qxg5 0-1

[Event "Santa Catarina-ch 64th "]
[Site "Lages"]
[Date "2020.02.16"]
[Round "5"]
[White "Kim, Thiago"]
[Black "Leffeck, Mateus Bernal"]
[Result "1/2-1/2"]
[WhiteElo "1777"]
[BlackElo "1596"]
[PlyCount "42"]
[EventDate "2020.02.14"]
[EventType "swiss"]
[EventRounds "6"]
[EventCountry "BRA"]
[SourceTitle "CBM 195 Extra"]
[Source "ChessBase"]
[SourceDate "2020.05.31"]
[SourceVersion "1"]
[SourceVersionDate "2020.05.31"]
[SourceQuality "1"]

1. e4 c6 2. Nc3 d5 3. Nf3 Bg4 4. h3 Bxf3 5. Qxf3 dxe4 6. Nxe4 Nf6 7. Bc4 Nbd7 8. Nxf6+ Nxf6 9. 0-0 e6 10. d3 Be7 11. Bd2 0-0 12. a4 a5 13. Rfe1 Nd5 14. Bxd5 Qxd5 15. Qxd5 cxd5 16. d4 Rfc8 17. c3 Rc6 18. Bf4 Bd8 19. Re2 Rb6 20. Ra2 Rb3 21. Bd6 Ra6 1/2-1/2

[Event "Florianopolis op 6th"]
[Site "Florianopolis"]
[Date "2020.01.26"]
[Round "10"]
[White "Da Silva, Anderson Lemes"]
[Black "Leffeck, Mateus Bernal"]
[Result "1-0"]
[WhiteElo "1788"]
[BlackElo "1552"]
[PlyCount "121"]
[EventDate "2020.01.20"]
[EventType "swiss"]
[EventRounds "10"]
[EventCountry "BRA"]
[SourceTitle "CBM 194 Extra"]
[Source "ChessBase"]
[SourceDate "2020.03.31"]
[SourceVersion "1"]
[SourceVersionDate "2020.03.31"]
[SourceQuality "1"]

1. d4 Nf6 2. c4 e6 3. Nc3 Bb4 4. Qc2 d5 5. cxd5 Nxd5 6. Nf3 b6 7. e4 Bxc3+ 8. bxc3 Ne7 9. Bd3 Bb7 10. 0-0 Nd7 11. Be3 0-0 12. Qe2 Ng6 13. e5 a6 14. Ng5 Qe8 15. f4 h6 16. Nh3 Ne7 17. f5 exf5 18. Bxf5 Nxf5 19. Rxf5 Qe6 20. Raf1 a5 21. c4 Ba6 22. Qg4 Qg6 23. Qxg6 fxg6 24. Rxf8+ Rxf8 25. Rc1 c5 26. e6 cxd4 27. Bxd4 Nc5 28. Bxc5 bxc5 29. Nf2 Rf4 30. e7 Kf7 31. Nd3 Rf5 32. Re1 Ke8 33. Re4 Bb7 34. Re6 Rf6 35. Re3 Ba6 36. Re4 Rc6 37. Nf4 g5 38. Ne6 Rxe6 39. Rxe6 Bxc4 40. Re5 a4 41. a3 Bb3 42. Rxc5 Kxe7 43. Rc6 Kf7 44. Kf2 h5 45. Ke3 Bd5 46. Ra6 Bxg2 47. Rxa4 h4 48. Rg4 h3 49. Rxg5 Kf6 50. Rg3 g5 51. Kd4 Kf5 52. Kc5 g4 53. Kb6 Bf3 54. a4 Kf4 55. a5 Ke3 56. a6 Kf2 57. a7 Bg2 58. Rxg4 Kg1 59. a8Q Kxh2 60. Qa1 Bf1 61. Qe1 1-0

[Event "Florianopolis op 6th"]
[Site "Florianopolis"]
[Date "2020.01.25"]
[Round "8"]
[White "Horisch, Juan Pablo"]
[Black "Leffeck, Mateus Bernal"]
[Result "1-0"]
[WhiteElo "1824"]
[BlackElo "1552"]
[PlyCount "93"]
[EventDate "2020.01.20"]
[EventType "swiss"]
[EventRounds "10"]
[EventCountry "BRA"]
[SourceTitle "CBM 194 Extra"]
[Source "ChessBase"]
[SourceDate "2020.03.31"]
[SourceVersion "1"]
[SourceVersionDate "2020.03.31"]
[SourceQuality "1"]

1. d4 d5 2. Bf4 c5 3. e3 Nc6 4. c3 Nf6 5. Nf3 e6 6. Nbd2 Be7 7. h3 Bd6 8. dxc5 Bxf4 9. exf4 Qc7 10. g3 Bd7 11. Bb5 a6 12. Bxc6 Bxc6 13. 0-0 Bb5 14. Re1 Qxc5 15. Nb3 Qd6 16. Nbd4 0-0 17. Nxb5 axb5 18. Qb3 Ra5 19. Nd4 Qa6 20. a3 Ne4 21. Qd1 Qb6 22. Qe2 Rfa8 23. Kg2 Nd6 24. Rad1 Nc4 25. h4 Re8 26. Qc2 Qd6 27. Qb3 Qc5 28. Re2 f6 29. Rxe6 Rxe6 30. Nxe6 Qe7 31. Nd4 g6 32. Qc2 Qe4+ 33. Qxe4 dxe4 34. Rb1 Nd2 35. Re1 Kf7 36. Re2 Nc4 37. Nb3 Ra8 38. Nc5 Re8 39. Nxb7 e3 40. fxe3 Rxe3 41. Rxe3 Nxe3+ 42. Kf3 Nc4 43. Ke4 Ke6 44. Nc5+ Kd6 45. Nd3 Nd2+ 46. Kd4 Nc4 47. a4 1-0

[Event "Florianopolis op 6th"]
[Site "Florianopolis"]
[Date "2020.01.21"]
[Round "3"]
[White "Leffeck, Mateus Bernal"]
[Black "Da Rosa, Henrique Jaze Simoe"]
[Result "1-0"]
[WhiteElo "1552"]
[BlackElo "1763"]
[PlyCount "87"]
[EventDate "2020.01.20"]
[EventType "swiss"]
[EventRounds "10"]
[EventCountry "BRA"]
[SourceTitle "CBM 194 Extra"]
[Source "ChessBase"]
[SourceDate "2020.03.31"]
[SourceVersion "1"]
[SourceVersionDate "2020.03.31"]
[SourceQuality "1"]

1. c4 c6 2. Nc3 d5 3. cxd5 cxd5 4. d4 Nf6 5. g3 Nc6 6. Bg2 e6 7. Nf3 Be7 8. 0-0 0-0 9. Bd2 b6 10. Rc1 Bb7 11. e3 Rc8 12. Qe2 Nb4 13. Qd1 Ba6 14. Ne2 Rxc1 15. Bxc1 Nxa2 16. Bd2 Nb4 17. Bxb4 Bxb4 18. Ne5 Qc8 19. Bf3 Ne4 20. Kg2 Nd2 21. Rh1 Nxf3 22. Nxf3 Qc4 23. Nf4 Rc8 24. Qa4 Ba5 25. Qd7 Qc7 26. Qa4 Qc6 27. Qa3 Qc4 28. Ne5 Qc2 29. b4 Rc3 30. Qa1 Rxe3 31. Rc1 Qe4+ 32. Kg1 Bxb4 33. Qxa6 Re1+ 34. Rxe1 Qxe1+ 35. Kg2 Qe4+ 36. Nf3 g5 37. Nh5 Qg6 38. Qc8+ Bf8 39. g4 f5 40. Ne5 Qh6 41. Qe8 fxg4 42. Qf7+ Kh8 43. Nxg4 Qg6 44. Qxf8+ 1-0

[Event "Caioba Copel op 5th"]
[Site "Caioba"]
[Date "2019.08.16"]
[Round "2"]
[White "Soares, Gustavo Henrique"]
[Black "Leffeck, Mateus Bernal"]
[Result "1-0"]
[WhiteElo "1869"]
[BlackElo "1620"]
[PlyCount "67"]
[EventDate "2019.08.15"]
[EventType "swiss"]
[EventRounds "6"]
[EventCountry "BRA"]
[SourceTitle "EXT 2020"]
[Source "ChessBase"]
[SourceDate "2019.10.17"]
[SourceVersion "1"]
[SourceVersionDate "2019.10.17"]
[SourceQuality "1"]

1. d4 d5 2. c4 e6 3. Nc3 Nf6 4. cxd5 exd5 5. Bg5 Be7 6. e3 0-0 7. Nf3 c6 8. Qc2 Qd6 9. Bd3 h6 10. Bf4 Qb4 11. Bc7 Bd8 12. a3 Qe7 13. Bxd8 Rxd8 14. b4 Be6 15. 0-0 Nbd7 16. Rab1 Rdc8 17. a4 b6 18. Ba6 Rc7 19. Nb5 Bf5 20. Qxf5 cxb5 21. Bxb5 Ne4 22. Qxd5 Rd8 23. Bxd7 Rdxd7 24. Qb3 Rc3 25. Qb2 Rdc7 26. Rbc1 Rxc1 27. Rxc1 Rxc1+ 28. Qxc1 Qxb4 29. Qc8+ Qf8 30. Qb7 Qa3 31. Qa8+ Kh7 32. Qxe4+ Kh8 33. Qe8+ Kh7 34. g3 1-0

[Event "Santa Catarina State-ch 63rd"]
[Site "Timbo"]
[Date "2019.06.09"]
[Round "5"]
[White "Leffeck, Mateus Bernal"]
[Black "Sarda, Pedro Sada"]
[Result "0-1"]
[WhiteElo "1677"]
[BlackElo "1492"]
[PlyCount "90"]
[EventDate "2019.06.07"]
[EventType "swiss"]
[EventRounds "6"]
[EventCountry "BRA"]
[SourceTitle "EXT 2020"]
[Source "ChessBase"]
[SourceDate "2019.10.17"]
[SourceVersion "1"]
[SourceVersionDate "2019.10.17"]
[SourceQuality "1"]

1. d4 Nf6 2. c4 g6 3. Nc3 Bg7 4. e4 d6 5. h4 h5 6. Bg5 Nbd7 7. Be2 c5 8. d5 a6 9. f3 Ne5 10. Nh3 Bd7 11. 0-0 Qc8 12. Nf2 0-0 13. a3 Rb8 14. f4 Neg4 15. Nxg4 Nxg4 16. Bxe7 Ne3 17. Qd3 Bd4 18. Bxf8 Kxf8 19. Kh2 Nxf1+ 20. Rxf1 Qd8 21. g3 b5 22. cxb5 axb5 23. b4 Qe7 24. Rb1 Bxc3 25. Qxc3 Qxe4 26. Bd3 Qd4 27. Qxd4 cxd4 28. Rb3 Rc8 29. Bb1 Rc3 30. Rb2 Rxa3 31. Rd2 Rb3 32. Bd3 Rxb4 33. Kg2 Ke7 34. Kf3 Kf6 35. Ke2 Bf5 36. Kf3 Bxd3 37. Rxd3 Rc4 38. Ke4 b4 39. Rb3 Ke7 40. Rd3 f5+ 41. Kf3 Rc3 42. Ke2 Rxd3 43. Kxd3 b3 44. Kd2 Kd7 45. Kd3 Kc7 0-1

[Event "Florianopolis op 5th"]
[Site "Florianopolis"]
[Date "2019.01.26"]
[Round "9"]
[White "Leffeck, Mateus Bernal"]
[Black "Serafim Junior, Arnor"]
[Result "0-1"]
[WhiteElo "1604"]
[BlackElo "1857"]
[PlyCount "39"]
[EventDate "2019.01.21"]
[EventType "swiss"]
[EventRounds "10"]
[EventCountry "BRA"]
[SourceTitle "CBM 188 Extra"]
[Source "ChessBase"]
[SourceDate "2019.02.28"]
[SourceVersion "1"]
[SourceVersionDate "2019.02.28"]
[SourceQuality "1"]

1. d4 Nf6 2. Nf3 d6 3. c4 Nbd7 4. Nc3 e5 5. dxe5 dxe5 6. e4 Bc5 7. Be2 0-0 8. 0-0 c6 9. Bg5 h6 10. Bh4 Qc7 11. Qc2 Re8 12. h3 Nh5 13. Na4 Bf8 14. Nh2 Nf4 15. Ng4 a5 16. Nc3 Bb4 17. Nd1 Nf8 18. a3 N8e6 19. Nde3 Nd4 20. axb4 0-1

[Event "Blumenau STD op"]
[Site "Blumenau"]
[Date "2018.09.29"]
[Round "3"]
[White "Leffeck, Mateus Bernal"]
[Black "Blau, Emily Camile"]
[Result "1-0"]
[WhiteElo "1624"]
[BlackElo "1248"]
[PlyCount "103"]
[EventDate "2018.09.28"]
[EventType "swiss"]
[EventRounds "6"]
[EventCountry "BRA"]
[SourceTitle "EXT 2020"]
[Source "ChessBase"]
[SourceDate "2019.10.17"]
[SourceVersion "1"]
[SourceVersionDate "2019.10.17"]
[SourceQuality "1"]

1. d4 d5 2. c4 e6 3. Nc3 Nf6 4. Nf3 Be7 5. Bf4 0-0 6. e3 Nc6 7. Rc1 Bd6 8. Bg5 h6 9. Bh4 Re8 10. Bd3 dxc4 11. Bxc4 e5 12. 0-0 exd4 13. Nxd4 Bg4 14. Bxf6 Qxf6 15. Qxg4 Nxd4 16. Qxd4 Qxd4 17. exd4 Rad8 18. Rfe1 Bf4 19. Rxe8+ Rxe8 20. Rd1 a6 21. d5 Kf8 22. h3 b5 23. Bb3 b4 24. Nb1 Re2 25. g3 Be5 26. Kf1 Re4 27. Nd2 Rd4 28. Nf3 Rxd1+ 29. Bxd1 Bxb2 30. Ke2 Ke7 31. Kd3 Kd6 32. Kc4 Bc3 33. g4 c6 34. dxc6 Kxc6 35. Nd4+ Bxd4 36. Kxd4 Kd6 37. Bb3 f6 38. Ke4 a5 39. Kf5 Ke7 40. Kg6 Kf8 41. f4 a4 42. Bxa4 Kg8 43. Bb3+ Kh8 44. h4 f5 45. Kxf5 Kh7 46. Ke5 g6 47. Kf6 h5 48. gxh5 gxh5 49. Ke7 Kg6 50. Bc2+ Kg7 51. f5 Kh6 52. f6 1-0

[Event "BRA-ch U16"]
[Site "Itajai"]
[Date "2017.06.02"]
[Round "2"]
[White "Herrera, Jose Vinicius dos S"]
[Black "Leffeck, Mateus Bernal"]
[Result "1-0"]
[WhiteElo "1458"]
[BlackElo "1745"]
[PlyCount "89"]
[EventDate "2017.06.01"]
[EventType "swiss"]
[EventRounds "6"]
[EventCountry "BRA"]
[SourceTitle "CBM 179 Extra"]
[Source "ChessBase"]
[SourceDate "2017.08.23"]
[SourceVersion "1"]
[SourceVersionDate "2017.08.23"]
[SourceQuality "1"]

1. d4 d5 2. c4 dxc4 3. Nc3 e5 4. dxe5 Qxd1+ 5. Kxd1 Nc6 6. Nf3 Bf5 7. e4 0-0-0+ 8. Bd2 Bg4 9. Kc2 Bxf3 10. gxf3 Nxe5 11. f4 Nf3 12. Be3 Nd4+ 13. Bxd4 Rxd4 14. Rd1 Bc5 15. Rxd4 Bxd4 16. Bxc4 Bxf2 17. Bxf7 Be3 18. Be6+ Kb8 19. Nd5 Bb6 20. Nxb6 cxb6 21. Rg1 Nf6 22. Rxg7 Nxe4 23. Rg8+ Rxg8 24. Bxg8 h6 25. f5 Kc7 26. Kd3 Nd6 27. f6 Kd7 28. Bd5 b5 29. Ke3 Nc4+ 30. Kd4 Nxb2 31. Kc5 Na4+ 32. Kxb5 Nc3+ 33. Kc5 b6+ 34. Kd4 Nxd5 35. Kxd5 a6 36. f7 Ke7 37. Kc6 b5 38. f8Q+ Kxf8 39. Kb6 Ke7 40. Kxa6 b4 41. Kb5 b3 42. axb3 Kd6 43. b4 h5 44. Kb6 h4 45. b5 1-0